| 000 | 00000nam##2200000za#4500 |
| 001 | 9.608343 |
| 003 | CaOODSP |
| 005 | 20240612102653 |
| 007 | cr ||||||||||| |
| 008 | 150406|2015||||xxc|||||o f|0| 0 fre|d |
| 040 | |aCaOODSP|bfre |
| 043 | |an-cn--- |
| 086 | 1 |aRv55-5/22-1-1-2015F-PDF |
| 110 | 2 |aAgence des services frontaliers du Canada. |
| 245 | 10|aRégime de sanctions administratives pécuniaires |h[ressource électronique] |
| 260 | |aOttawa - Ontario : |bAgence des services frontaliers du Canada |
| 300 | |a8p. |
| 490 | 1 |aMémorandum D22 - Régime de sanctions administratives pécuniaires |vD22-1-1, le 30 janvier 2015 |
| 500 | |aCeci annule le mémorandum D : D22-1-1 daté le 22 juin 2010 |
| 590 | |a15-11|b2015-03-13 |
| 691 | 07|aTarif douanier|2gcpds |
| 775 | 08|tAdministrative monetary penalty system |w(CaOODSP)9.581567 |
| 830 | #0|aMémorandum D22 - régime de sanctions administratives pécuniaires ;|vD22-1-1, le 30 janvier 2015|w(CaOODSP)9.816826 |
| 856 | 40|ahttp://publications.gc.ca|qPDF|s84 Ko|uhttps://publications.gc.ca/collections/collection_2015/asfc-cbsa/Rv55-5-22-1-1-2015-fra.pdf|yD22-1-1, le 30 janvier 2015 |